Escudos Selecciones Asia y Oceania - Estadísticas

Estadísticas generales
  • Esta prueba ha sido intentada 31 veces
  • La puntuación promedio es 51 de 56
Estadísticas de respuestas
Imagen Respuesta % Correcto
Australia
100%
Catar
100%
China
100%
Corea del Norte
100%
Emiratos Arabes Unidos
100%
Filipinas
100%
Guam
100%
Hong Kong
100%
India
100%
Irak
100%
Iran
100%
Japon
100%
Jordania
100%
Kuwait
100%
Libano
100%
Macao
100%
Malasia
100%
Maldivas
100%
Myanmar
100%
Palestina
100%
Samoa
100%
Singapur
100%
Siria
100%
Sri Lanka
100%
Tayikistan
100%
Tonga
100%
Turkmenistan
100%
Uzbekistan
100%
Vanuatu
100%
Vietnam
100%
Yemen
100%
Afganistan
96%
Arabia Saudi
96%
Bangladesh
96%
Laos
96%
Samoa Americana
96%
Timor Oriental
96%
Brunei
93%
Butan
93%
Nepal
93%
Nueva Zelanda
93%
Barein
89%
Nueva Caledonia
89%
Tahiti
89%
Corea del Sur
86%
Fiyi
82%
Camboya
79%
Mongolia
79%
Oman
79%
Papua Nueva Guinea
75%
Indonesia
57%
Tailandia
54%
Kirguistan
50%
Islas Salomon
39%
Pakistan
39%
China Taipei
21%
No se encontraron pruebas coincidentes
Distribución de puntuación
Porcentaje de gente con cada puntuación
Porcentaje por número respondido
Historial de tus puntuaciones
No has intentado esta prueba.